| 000 | 01539nam a2200421Ii 4500 | ||
|---|---|---|---|
| 001 | DIGUAL0304 | ||
| 003 | NyNyDIG | ||
| 006 | m o d | ||
| 007 | cr ||||||||||| | ||
| 008 | 140501s2012 sp o 000 0 spa d | ||
| 020 | _z8497172418 | ||
| 020 | _z9788497172417 | ||
| 035 | _a(OCoLC)888250274 | ||
| 040 |
_aDGITA _beng _epn _cDGITA |
||
| 050 | 1 | 4 | _aP96.E252 eBook |
| 245 | 0 | 0 |
_aTerritorios de cine : _bdesarrollo local, tipologías turísticas y promoción / _cAntonio Martínez Puche, Salvador Martínez Puche y Antonio Prieto Cerdán (eds.). |
| 264 | 1 |
_aSan Vicente del Raspeig : _bPublicaciones de la Universidad de Alicante, _c2012. |
|
| 300 |
_a1 online resource (299 pages) ; _bill. |
||
| 336 |
_atext _btxt _2rdacontent |
||
| 337 |
_acomputer _bc _2rdamedia |
||
| 338 |
_aonline resource _bcr _2rdacarrier |
||
| 490 | 1 | _aGeografía. | |
| 504 | _aIncludes bibliographical references. | ||
| 650 | 0 |
_aTourism _xMarketing. |
|
| 650 | 0 | _aRegional planning. | |
| 650 | 0 | _aHeritage tourism. | |
| 650 | 0 |
_aMotion pictures _xEconomic aspects. |
|
| 655 | 0 | _aElectronic books. | |
| 700 | 1 | _aMartínez Puche, Antonio. | |
| 700 | 1 | _aMartínez Puche, Salvador. | |
| 700 | 1 | _aPrieto Cerdán, Antonio. | |
| 791 | 2 |
_aDigitalia (Firm), _edistributor. |
|
| 830 | 0 | _aGeografía (Universidad de Alicante) | |
| 793 | 0 |
_gDigitalia eBook Collection: _aUniv. de Alicante. |
|
| 856 | 4 | 0 |
_3Digitalia Hispánica _uhttps://www.digitaliapublishing.com/a/21320/ |
| 910 | _aPremium Collection: 2007-2012 | ||
| 942 | _cRAA | ||
| 999 |
_c237401 _d237401 |
||